000 00363 a2200145 4500
005 20250625080209.0
020 _a0-02-805002-9
082 _a808.02 CAM
100 _aCAMP, S. C.
245 _aDeveloping Proofreading and Editing Skills.
250 _a4th Ed.
260 _aNew York,
_bMcGraw Hill,
_c2001.
300 _ax, 390p.:
_bIndex
_c28cm
942 _2ddc
_cBKS
999 _c4948
_d4948